Normal view
MARC view
- Russell K & Carter P
Entry Personal Name
001 - CONTROL NUMBER
- control field: 214978
003 - CONTROL NUMBER IDENTIFIER
- control field: OSt
005 - DATE AND TIME OF LATEST TRANSACTION
- control field: 20251118112950.0
008 - FIXED-LENGTH DATA ELEMENTS
- fixed length control field: 251118|| aca||aabn | a|a d
040 ## - CATALOGING SOURCE
- Original cataloging agency: OSt
- Transcribing agency: OSt
100 ## - HEADING--PERSONAL NAME
- Personal name: Russell K & Carter P
670 ## - SOURCE DATA FOUND
- Source citation: Work cat.: (OSt)87491: Russell K 214977, IQ testing : 400 ways to evaluate your brainpower, 2001